000 00321nam a2200109Ia 4500
008 171211s9999 xx 000 0 und d
245 _aDeveloping and Evaluating Security-Aware Software Systems
245 _cKhaled M. Khan
260 _c2012
650 _xSOFTWARE
856 _uhttp://down.ebook777.com/063/1466624825.pdf
999 _c349304
_d349304